000 00648nam a2200205Ia 4500
003 GCL
008 140319s9999 xx 000 0 ara d
040 _aGCL /
_cGCL
082 0 4 _a814
_bا م
100 1 _aاحمد بيضون
245 1 0 _aمداخل ومخارج: مشاركات نقدية /
_cاحمد بيضون
260 _a[S.N] :
_bالمؤسسة الجامعية للدراسات والنشر والتوزيع ،
_c1985
300 _a184 ص
490 _a
650 0 4 _aالادب العربى
650 0 4 _aالمقالات العربية
650 0 4 _aالنقد الادبى
650 0 4 _aالمجموعات
942 _2ddc
_cBK
999 _c53278
_d53278